000 00750nam a2200241Ia 4500
003 OSt
005 20220923222607.0
006 a|||||r|||| 00| 0
007 ta
008 220922b |||||||| |||| 00| 0 hin d
024 _a206,301
037 _cTextual
040 _aARTS
_cARTS
_bhin
041 _2hin
_ahin
082 _aO152,6x, L7
100 _aगुप्त, तनसुखराम, संपा.
245 0 _aनिबंध-प्रभाकर
246 _aNibandha-prabhākara
250 _aसंस्क 9
260 _aदिल्ली
_b सूर्य प्रका0
_c1977
942 _hO152,6x, L7
_cTEXL
_2CC
999 _c356958
_d356958